Electrotechnical Porcelain Using Native Fine Silica-Containing Raw Materials and Wollastonites; Glass and Ceramics; Vol. 76, iss. 11-12
| Parent link: | Glass and Ceramics Vol. 76, iss. 11-12.— 2020.— [P. 468-473] |
|---|---|
| Autor Corporativo: | |
| Outros Autores: | , , , |
| Resumo: | Title screen The influence of wollastonites and marshallites on phase transformations and the processes leading to the formation of the mineral composition and structure of electrotechnical porcelain were determined. A positive dynamics of changes in the amount and ratios of crystalline and glassy phases as well as mullitization in bodies was established. Samples corresponding to the standards were obtained under laboratory conditions. The results will serve as a criterion for adoption in industry. Режим доступа: по договору с организацией-держателем ресурса |
| Idioma: | inglês |
| Publicado em: |
2020
|
| Assuntos: | |
| Acesso em linha: | https://doi.org/10.1007/s10717-020-00224-5 |
| Formato: | MixedMaterials Recurso Electrónico Capítulo de Livro |
| KOHA link: | https://koha.lib.tpu.ru/cgi-bin/koha/opac-detail.pl?biblionumber=663997 |
MARC
| LEADER | 00000naa0a2200000 4500 | ||
|---|---|---|---|
| 001 | 663997 | ||
| 005 | 20250425162213.0 | ||
| 035 | |a (RuTPU)RU\TPU\network\35167 | ||
| 035 | |a RU\TPU\network\35163 | ||
| 090 | |a 663997 | ||
| 100 | |a 20210323d2020 k||y0rusy50 ba | ||
| 101 | 0 | |a eng | |
| 102 | |a US | ||
| 135 | |a drcn ---uucaa | ||
| 181 | 0 | |a i | |
| 182 | 0 | |a b | |
| 200 | 1 | |a Electrotechnical Porcelain Using Native Fine Silica-Containing Raw Materials and Wollastonites |f M. E. Kurbanbaev, V. I. Vereshchagin (Vereschagin, Vereshagin), B. O. Yessimov, T. A. Adyrbayeva | |
| 203 | |a Text |c electronic | ||
| 300 | |a Title screen | ||
| 320 | |a [References: 9 tit.] | ||
| 330 | |a The influence of wollastonites and marshallites on phase transformations and the processes leading to the formation of the mineral composition and structure of electrotechnical porcelain were determined. A positive dynamics of changes in the amount and ratios of crystalline and glassy phases as well as mullitization in bodies was established. Samples corresponding to the standards were obtained under laboratory conditions. The results will serve as a criterion for adoption in industry. | ||
| 333 | |a Режим доступа: по договору с организацией-держателем ресурса | ||
| 461 | |t Glass and Ceramics | ||
| 463 | |t Vol. 76, iss. 11-12 |v [P. 468-473] |d 2020 | ||
| 610 | 1 | |a электронный ресурс | |
| 610 | 1 | |a труды учёных ТПУ | |
| 610 | 1 | |a electrotechnical porcelain | |
| 610 | 1 | |a kaolin | |
| 610 | 1 | |a feldspars | |
| 610 | 1 | |a wollastonites | |
| 610 | 1 | |a marshallites | |
| 610 | 1 | |a электротехнический фарфор | |
| 610 | 1 | |a каолины | |
| 610 | 1 | |a полевые шпаты | |
| 610 | 1 | |a волластониты | |
| 701 | 1 | |a Kurbanbaev |b M. E. |g Mukhtar Endibaevich | |
| 701 | 1 | |a Vereshchagin (Vereschagin, Vereshagin) |b V. I. |c Chemical Engineer |c Professor of Tomsk Polytechnic University, Doctor of technical sciences |f 1942- |g Vladimir Ivanovich |3 (RuTPU)RU\TPU\pers\26325 |9 12080 | |
| 701 | 1 | |a Yessimov |b B. O. |g Begen Omarovich | |
| 701 | 1 | |a Adyrbayeva |b T. A. |g Tatjyana Amanovna | |
| 712 | 0 | 2 | |a Национальный исследовательский Томский политехнический университет |b Инженерная школа новых производственных технологий |b Научно-образовательный центр Н. М. Кижнера |3 (RuTPU)RU\TPU\col\23556 |
| 801 | 0 | |a RU |b 63413507 |c 20210323 |g RCR | |
| 850 | |a 63413507 | ||
| 856 | 4 | |u https://doi.org/10.1007/s10717-020-00224-5 | |
| 942 | |c CF | ||